[Event "Graz op"]
[Site "Graz"]
[Date "1997.??.??"]
[Round "2"]
[White "Loebler, Heimo"]
[Black "Gradwohl, Johann"]
[Result "1-0"]
[WhiteElo "2255"]
[BlackElo "2180"]
[PlyCount "59"]
[EventDate "1997.10.??"]
[EventType "swiss"]
[EventRounds "9"]
[EventCountry "AUT"]
[SourceTitle "EXT 2000"]
[Source "ChessBase"]
[SourceDate "1999.11.16"]
[SourceVersion "1"]
[SourceVersionDate "1999.11.16"]
[SourceQuality "1"]

1. d4 Nf6 2. c4 g6 3. Nf3 Bg7 4. g3 0-0 5. Bg2 d6 6. 0-0 Nc6 7. d5 Na5 8. Nbd2 c5 9. e4 a6 10. Rb1 b5 11. b3 Rb8 12. Qc2 bxc4 13. bxc4 Bd7 14. Bb2 Qc7 15. Bc3 e5 16. Rxb8 Rxb8 17. Rb1 Rxb1+ 18. Qxb1 Nb7 19. Qb2 Ne8 20. Ne1 g5 21. Nc2 f5 22. exf5 Bxf5 23. Ne3 Bg6 24. Be4 Bxe4 25. Nxe4 h6 26. Nf5 Bf8 27. Kg2 Kf7 28. Qe2 Nf6 29. Qf3 g4 30. Nxh6+ 1-0

[Event "Graz op"]
[Site "Graz"]
[Date "1996.??.??"]
[Round "?"]
[White "Fahrner, Kurt"]
[Black "Gradwohl, Johann"]
[Result "1-0"]
[WhiteElo "2275"]
[BlackElo "2160"]
[PlyCount "55"]
[EventDate "1996.06.??"]
[EventType "swiss"]
[EventRounds "9"]
[EventCountry "AUT"]
[SourceTitle "EXT 1998"]
[Source "ChessBase"]
[SourceDate "1997.11.17"]
[SourceVersion "1"]
[SourceVersionDate "1997.11.17"]
[SourceQuality "1"]

1. d4 Nf6 2. Nf3 g6 3. c4 Bg7 4. Nc3 0-0 5. Bg5 d6 6. e3 c6 7. Be2 Nbd7 8. 0-0 Qc7 9. Qc2 e5 10. Rfd1 Re8 11. b4 Nf8 12. Rac1 Bg4 13. h3 Bxf3 14. Bxf3 exd4 15. exd4 h5 16. d5 cxd5 17. Bxf6 Bxf6 18. Nxd5 Qd8 19. Nxf6+ Qxf6 20. Bxb7 Rab8 21. Bc6 Rec8 22. b5 Rxc6 23. bxc6 Rb2 24. Qe4 Qxf2+ 25. Kh1 Ne6 26. Qf3 Qxf3 27. gxf3 Ng5 28. Rc3 1-0

[Event "Vienna op-C"]
[Site "Vienna"]
[Date "1996.??.??"]
[Round "4"]
[White "Flower, David"]
[Black "Gradwohl, Johann"]
[Result "0-1"]
[WhiteElo "2065"]
[BlackElo "2160"]
[PlyCount "82"]
[EventDate "1996.08.??"]
[EventType "swiss"]
[EventRounds "9"]
[EventCountry "AUT"]
[SourceTitle "EXT 2000"]
[Source "ChessBase"]
[SourceDate "1999.11.16"]
[SourceVersion "1"]
[SourceVersionDate "1999.11.16"]
[SourceQuality "1"]

1. d3 c5 2. g3 g6 3. Bg2 Bg7 4. e4 e5 5. Nc3 Ne7 6. Be3 d6 7. Qd2 h5 8. f4 Nbc6 9. Nce2 exf4 10. Nxf4 Bxb2 11. Rb1 Bg7 12. Nge2 Ne5 13. Rf1 0-0 14. Nc3 Qa5 15. Ncd5 Qxd2+ 16. Kxd2 N7c6 17. Ne2 Rb8 18. Nec3 Ng4 19. Bf4 Be5 20. h3 Bxf4+ 21. Rxf4 Nge5 22. Rf6 Be6 23. Nb5 Rfd8 24. Nbc7 Bxd5 25. Nxd5 Kg7 26. Rbf1 b5 27. g4 hxg4 28. hxg4 b4 29. g5 Nd4 30. Ne3 Ne6 31. Bh3 Nxg5 32. Bg4 a5 33. Bd1 a4 34. Kc1 Rd7 35. Nd5 Ne6 36. R6f2 b3 37. axb3 axb3 38. Kb2 Ra7 39. Nf6 Ra2+ 40. Kc3 b2 41. Rh2 b1N# 0-1

[Event "Oberwart op"]
[Site "Oberwart"]
[Date "1996.??.??"]
[Round "6"]
[White "Gradwohl, Johann"]
[Black "Daverkausen, Bernd"]
[Result "1-0"]
[WhiteElo "2160"]
[BlackElo "2260"]
[PlyCount "51"]
[EventDate "1996.07.??"]
[EventType "swiss"]
[EventRounds "9"]
[EventCountry "AUT"]
[SourceTitle "CBM 053 Extra"]
[Source "ChessBase"]
[SourceDate "1996.09.01"]
[SourceVersion "1"]
[SourceVersionDate "1996.09.01"]
[SourceQuality "1"]

1. e4 c5 2. Nf3 d6 3. d4 cxd4 4. Nxd4 Nf6 5. Nc3 Nc6 6. Bg5 Bd7 7. Qd2 Rc8 8. f4 Nxd4 9. Qxd4 Qa5 10. e5 dxe5 11. fxe5 Bc6 12. b4 Qd8 13. Qxd8+ Rxd8 14. exf6 exf6 15. Bd2 Bxb4 16. Bd3 Bc5 17. Ne4 Bd4 18. 0-0-0 f5 19. Ng5 0-0 20. Nf3 Bxf3 21. gxf3 Rd6 22. Bb4 Be3+ 23. Rd2 Rb6 24. Bxf8 Kxf8 25. Re1 Bf4 26. Kd1 1-0

[Event "Graz op"]
[Site "Graz"]
[Date "1996.??.??"]
[Round "?"]
[White "Gradwohl, Johann"]
[Black "Neuschmied, Siegfried"]
[Result "1-0"]
[WhiteElo "2160"]
[BlackElo "2260"]
[PlyCount "80"]
[EventDate "1996.06.??"]
[EventType "swiss"]
[EventRounds "9"]
[EventCountry "AUT"]
[SourceTitle "EXT 1998"]
[Source "ChessBase"]
[SourceDate "1997.11.17"]
[SourceVersion "1"]
[SourceVersionDate "1997.11.17"]
[SourceQuality "1"]

1. e4 d6 2. d4 Nf6 3. Nc3 g6 4. Nf3 Bg7 5. h3 0-0 6. Be2 c6 7. a4 Nbd7 8. 0-0 e5 9. dxe5 dxe5 10. Be3 Qe7 11. Qd3 Nh5 12. Rfd1 Nf4 13. Qd6 Nxe2+ 14. Nxe2 Bf6 15. a5 Qxd6 16. Rxd6 Be7 17. Rdd1 f6 18. Nd2 Nc5 19. b4 Na6 20. c3 Be6 21. f4 Nc7 22. fxe5 fxe5 23. Nf3 Bf6 24. Ng3 Nb5 25. Rd3 Bg7 26. Bc5 Rfd8 27. Rad1 Rxd3 28. Rxd3 h6 29. Nd2 Na3 30. Ngf1 a6 31. Ne3 Nb5 32. Nf3 Ba2 33. Nd2 Bf7 34. Bb6 Re8 35. Rd7 Nxc3 36. Rxb7 Bf8 37. Ba7 Nb5 38. Bc5 Rd8 39. Ndc4 Bg7 40. Rb6 Nc3 1-0

[Event "Graz op"]
[Site "Graz"]
[Date "1995.??.??"]
[Round "6"]
[White "Kotz, Heinz Peter"]
[Black "Gradwohl, Johann"]
[Result "1-0"]
[WhiteElo "2275"]
[BlackElo "2115"]
[PlyCount "57"]
[EventDate "1995.09.??"]
[EventType "swiss"]
[EventRounds "9"]
[EventCountry "AUT"]
[SourceTitle "EXT 1998"]
[Source "ChessBase"]
[SourceDate "1997.11.17"]
[SourceVersion "1"]
[SourceVersionDate "1997.11.17"]
[SourceQuality "1"]

1. e4 c5 2. c3 d5 3. exd5 Qxd5 4. d4 e6 5. Nf3 Nf6 6. Bd3 Be7 7. 0-0 0-0 8. Na3 cxd4 9. Nb5 Na6 10. cxd4 Bd7 11. Nc3 Qh5 12. Be2 Qa5 13. Ne5 Bc8 14. a3 Nb4 15. axb4 Qxa1 16. Qb3 b5 17. Bxb5 a5 18. Be3 axb4 19. Na4 Qxf1+ 20. Kxf1 Ba6 21. Bxa6 Rxa6 22. Nc5 Ra1+ 23. Ke2 Nd5 24. Nc6 Bxc5 25. dxc5 Rc8 26. Nxb4 Nxe3 27. Qxe3 Ra4 28. Qc3 Rb8 29. Nd3 1-0